LEADER 01437nam a2200301 i 4500 001 000000111811 003 CaOOAMICUS 005 20190118124603.0 008 030130s1978 it u000 u ita u 013 $a84493 040 $aSeMil$bita 100 1 $aBartoletti, Enrico .$0(OLS)http://semarc/name/25431 245 13$aIl sacerdozio ministeriale :$bomelie e scritti raccolti e presentati da Pierluigi D'Antroccoli /$cEnrico Bartoletti. 260 $aRoma :$bCittà Nuova,$c1978. 300 $a325 p. :$b[1] c. di ritr. ;$c21 cm. 490 0 $aStudi e ricerche / Almo Collegio Capranica ;$v6 500 $aFondo Card. C.M. Martini. 650 4$aSacerdozio - Meditazioni.$0(OLS)http://semarc/subject/3490 650 4$aSacerdozio - Spiritualità.$0(OLS)http://semarc/subject/2395 650 4$aBartoletti, Enrico - Insegnamenti.$0(OLS)http://semarc/subject/20057 830 0$aStudi e ricerche / Almo Collegio Capranica ;$v6.$0(OLS)http://semarc/title/420865 850 $aSeMil 852 $aSeMil$W1$xVenegono$y1$m3G II 22$j67621$B67621$CSeMilBibl$Z2$F90952 $81 941 1 $a4 961 $aOmaggio: Martini Card. Carlo Maria 996 $6245$aIl sacerdozio ministeriale :$bomelie e scritti raccolti e presentati da Pierluigi D'Antroccoli$9(OLS)http://semarc/title/162869 996 $6260$aRoma :$bCittà Nuova$9(OLS)http://semarc/publisher/29609 LEADER 00985nam a2200253 i 4500 001 000000146817 003 CaOOAMICUS 005 20260407122859.0 008 071015s1963 it u000 u ita u 013 $a123715 040 $aSeMil$bita 100 1 $aSteinbeck, John,$d<1902-1968>.$0(OLS)http://semarc/name/15451 240 10$aOf mice and men.$0(OLS)http://semarc/title/214717 245 10$aUomini e topi :$bromanzo /$cdi John Steinbeck ; [traduzione dall'americano di Cesare Pavese]. 250 $a27. Ed. 264 1$aMilano :$bBompiani,$c1963. 300 $a181 p. ;$c21 cm. 700 1 $aPavese, Cesare,$d<1908-1950>.$0(OLS)http://semarc/name/8328 850 $aSeMil 852 $aSeMil$W1$xVenegono$y1$m1T III 76$j240249$B99434$CSeMilBibl$Z2$F107935 $81 961 $aRecupero: Altro 996 $6245$aUomini e topi :$bromanzo$9(OLS)http://semarc/title/458974 996 $6264$aMilano :$bBompiani$9(OLS)http://semarc/publisher/29706